Language Quiz

Random Language or Numbers Quiz

Over/Under: Language Quiz Stats

 Plays Quiz Updated Jul 12, 2012

Also try: The Word Sifter
Challenge
Share
Tweet
Embed
Score 0/24 Timer 03:00
0 Plays Today
Question and Number Over or Under % Correct
Countries w/Kyrgyz as official language: 27???
78.5%
What a stitch in time saves: 5???
76.5%
Letters of the Hebrew alphabet: 18???
73.2%
Total words in King James Bible: 173,309???
71.3%
Words used by Shakespeare: 11,344???
71.3%
Greek letters: 26???
69.5%
'E' tiles in a Scrabble game: 9???
65.6%
Traditional parts of speech: 6???
65.5%
Countries w/English as official language: 27???
62.6%
U.S. state mottos in Latin: 11???
62%
Number of Roman numerals: 11???
61.8%
Official languages of the U.N.: 10???
60%
Question and Number Over or Under % Correct
Official languages of European nations: 31???
57.7%
Official languages of the E.U.: 28???
57.3%
Countries w/Arabic as official language: 27???
55.6%
Languages on the Rosetta Stone: 5???
54%
2-letter Scrabble words: 85???
53.5%
Phoenician letters: 26???
53.3%
Countries w/French as official language: 27???
51%
Base Scrabble points for 'Kyrgyzstan': 46???
42.7%
Languages of Lawrence of Arabia: 6???
41.3%
Native Mandarin speakers: 1.3 billion???
38.1%
Countries w/Spanish as official language: 27???
27.6%
Native English speakers: 500 million???
25.3%

You're not logged in!

Compare scores with friends on all Sporcle quizzes.
Join for Free
OR
Log In

You Might Also Like...

Show Comments

Extras

Top Quizzes Today


Score Distribution

Your Account Isn't Verified!

In order to create a playlist on Sporcle, you need to verify the email address you used during registration. Go to your Sporcle Settings to finish the process.

Report this User

Report this user for behavior that violates our Community Guidelines.

Details: